Guide to house rebuilding costs 1992. Contains costs as at 15th January 1992... (Record no. 87715)

MARC details
000 -LEADER
fixed length control field 00676cam a2200229 4500
008 - FIXED-LENGTH DATA ELEMENTS--GENERAL INFORMATION
fixed length control field 090401t1992 xxu||||| |||| 00| 0 eng d
020 ## - INTERNATIONAL STANDARD BOOK NUMBER
International Standard Book Number 090618262X
035 ## - SYSTEM CONTROL NUMBER
System control number (Sirsi) u19819
041 ## - LANGUAGE CODE
Language code of text/sound track or separate title eng
050 ## - LIBRARY OF CONGRESS CALL NUMBER
Classification number 690.23
090 ## - LOCALLY ASSIGNED LC-TYPE CALL NUMBER (OCLC); LOCAL CALL NUMBER (RLIN)
Classification number (OCLC) (R) ; Classification number, CALL (RLIN) (NR) RICS 1992/18ABCD
110 ## - MAIN ENTRY--CORPORATE NAME
Corporate name or jurisdiction name as entry element Building Cost Information Service
9 (RLIN) 1096
245 ## - TITLE STATEMENT
Title Guide to house rebuilding costs 1992. Contains costs as at 15th January 1992...
250 ## - EDITION STATEMENT
Edition statement 14th ed.
260 ## - PUBLICATION, DISTRIBUTION, ETC.
Place of publication, distribution, etc. Kingston Upon Thames
Name of publisher, distributor, etc. Building Cost Information Service
Date of publication, distribution, etc. 1992
300 ## - PHYSICAL DESCRIPTION
Extent 111p. ; 30cm.
350 ## - PRICE (NR) (BK AM CF MU VM SE) [OBSOLETE]
Price 25
650 ## - SUBJECT ADDED ENTRY--TOPICAL TERM
Topical term or geographic name entry element INSURANCE VALUATION
690 ## - LOCAL SUBJECT ADDED ENTRY--TOPICAL TERM (OCLC, RLIN)
Topical term or geographic name as entry element BUILT ENVIRONMENT-BUILDING COSTS
942 ## - ADDED ENTRY ELEMENTS (KOHA)
Suppress in OPAC 0
948 ## - LOCAL PROCESSING INFORMATION (OCLC); SERIES PART DESIGNATOR (RLIN)
c (OCLC) 04/03/1997
Holdings
Withdrawn status Lost status Source of classification or shelving scheme Damaged status Not for loan Home library Current library Shelving location Date acquired Cost, normal purchase price Total Checkouts Full call number Barcode Date last seen Copy number Cost, replacement price Price effective from Koha item type Date last checked out
    Dewey Decimal Classification     London London RICS Boxes 29/04/1992 25.00   RICS 1992/18 30033441 06/08/2019 1 25.00 06/08/2019 Archive  
    Dewey Decimal Classification     London London RICS Boxes 29/04/1992 25.00   RICS 1992/18 30033442 06/08/2019 2 25.00 06/08/2019 Reference material  
    Dewey Decimal Classification     London London RICS Boxes 29/04/1992 25.00 2 RICS 1992/18 30033443 06/08/2019 3 25.00 06/08/2019 Book 07/01/2003